000 00455cam a22001934a 4500
005 20250605164255.0
008 250528s ||||||||||||||||||||||||d
035 _a21900
020 _a9780761968108
040 _aGR-AtMCL
_bgre
_dGR-AtMCL
_eAACR2
245 1 _aDOING A LITERATURE SEARCH
250 _a1
260 _bSage Publications,
_c2001
300 _a194
700 1 _aHart Chris
_91817
942 _cBK
999 _c6957
_d6957